|
|
แสดงรายละเอียดบรรณานุกรม |
|
|
Brief Record
: Get Marc (ISO 2709)
: E-mail record
: |
| LEADER 00000nama 2200000uu 4500 | |||
| 008 040531s2534 th m m a000 0 tha d | |||
| 020 974-769-005-5 | |||
| 041 tha | |||
| 050 WP360 น263 2534 | |||
| 245 นรีเวชวิทยาและการวางแผนครอบครัว/สมศักดิ์ ตั้งตระกูล,บรรณาธิการ 001 | |||
| 260 กรุงเทพฯ คณะแพทยศาสตร์รามาธิบดี 2534 | |||
| 300 578 หน้า | |||
| 650 นรีเวชวิทยา การวางแผนครอบครัว สมศักดิ์ ตั้งตระกูล,บก.มหาวิทยาลัยมหิดล คณะแพทยศาสตร์รามาธิบดี | |||
| 998 1998-12-14 | |||
| คุณยังไม่ได้ล็อกอิน คุณสามารถมีกิจกรรมร่วมกับเว็บไซต์ได้ แต่ต้องล็อกอินก่อน :: |
|
| สถานะ | |||||||||
| 1. | หนังสือทั่วไป | WP360 น263 2534 | On Shelf ขอยืม | ||||||
| 2. | หนังสือทั่วไป | WP360 น263 2534 | On Shelf ขอยืม | ||||||
| 3. | หนังสือทั่วไป | WP360 น263 2534 | On Shelf ขอยืม | ||||||
| 4. | หนังสือทั่วไป | WP360 น263 2534 | On Shelf ขอยืม | ||||||
| 5. | หนังสือทั่วไป | WP360 น263 2534 | On Shelf ขอยืม | ||||||
| [แสดง 5/5 รายการ] | |||||||||
BibComment |
| คอมเมนท์ทรัพยากรรายการนี้ |
|
|